YÜZLEŞME (Record no. 871779)

MARC details
000 -LEADER
sabit uzunluktaki kontrol alanı 00232nam a2200097Ia 4500
001 - KONTROL NUMARASI
kontrol alanı 871779
005 - EN SON İŞLEMİN TARİH VE ZAMANI
kontrol alanı 20250826181225.0
008 - SABİT-UZUNLUKTA VERİ ÖĞELERİ--GENEL BİLGİ
sabit uzunluktaki kontrol alanı 250824s9999 xx 000 0 und d
245 #0 - ESER / YAZAR
ESER ADI YÜZLEŞME
Yazar Adı UĞUR KOŞAR
260 ## - YAYIN, DAĞITIM, VB.
YAYIN EVİ DESTEK YAYINLARI
Holdings
Düşüm durumu Kayıp durumu Hasar Durumu Ödünç verilmez Ana kütüphane Geçerli Kütüphane Edinilen tarih Toplam ödünç verme sayısı Barkod Son görüntüleme tarihi Fiyatın geçerli olmaya başladığı tarih Koha materyal türü
        HOCA AHMET YESEVİ ORTAOKULU HOCA AHMET YESEVİ ORTAOKULU 24.08.2025   10624589 26.08.2025 26.08.2025 Books